Statistics for Bayern München all time xi

Click here to take the quiz!

General Stats

  • This quiz has been taken 35 times
  • The average score is 9 of 11

Answer Stats

HintAnswer% Correct
GK(Germany)Manuel Neuer
100%
MF(Netherlands)Arjen Robben
97%
MF(France)Franck Ribéry
97%
FW(Germany)Gerd Müller
97%
FW(Poland)Robert Lewandowski
97%
MF(Germany)Thomas Müller
97%
DF(Germany)Franz Beckenbauer
85%
DF(Germany)Philipp Lahm
85%
MF(Germany)Bastian Schweinsteiger
79%
DF(Germany)Lothar Matthäus
61%
DF(France)Bixente Lizarazu
55%

Score Distribution

Percentile by Number Answered

Percent of People with Each Score

Your Score History

You have not taken this quiz